Historiavisat: 1960-luku - Statistics

Yleistilastot
  • Tätä visaa on pelattu 113 kertaa
  • Keskiarvotulos 9 / 16
Vastaustilastot
% Oikein
1969 _____ astui ensimmäisenä ihmisenä Kuun pinnalle Neil Armstrong
91%
1962 Ohjuskriisi tapahtui _____ssa Kuuba
89%
1963 _____ salamurhattiin Dallasissa John F. Kennedy
83%
1964 Kööpenhaminassa järjestettiin ensimmäistä kertaa _____ laulukilpailu Eurovision
79%
1965 _____stä tuli Intian virallinen kieli hindi
78%
1964 Välimerellä _____ itsenäistyi Malta
76%
1960 _____ Afrikan valtiota julistautui itsenäiseksi 16
62%
1965 Suomen ensimmäinen jäähalli avattiin Tampereen _____ Hakametsässä
60%
1961 Suomen ja Neuvostoliiton välillä tapahtui _____kriisi nootti
56%
1968 Nobelin rauhanpalkinnon saanut _____ ammuttiin Memphisissä Martin Luther King Jr.
53%
1968 Varsovan liiton joukot miehittivät _____ Prahan
52%
1961 _____-laiva nostettiin Tukholman satamassa;laivasta löydettiin Paavo Nurmi -patsas Vasa
43%
1960 Kliment Vorošilov erosi tehtävästään; _____istä tuli uusi Neuvostoliiton presidentti Leonid Brežnev
31%
1966 Yhteiskunnallinen korkeakoulu muutettiin _____ yliopistoksi Tampereen
29%
1963 Aero Oy:n lentokone törmäsi lentomajakkaan _____ssa,22 ihmistä kuoli onnettomuudessa Maarianhamina
11%
1967 _____ sai Nobelin lääketieteestä Ragnar Granit
1%
Ehtoja vastaavia visoja ei löytynyt
Tulosjakauma
Jokaisen tuloksen saaneiden osuus
Persentiili vastausten määrän mukaan
Tuloshistoriasi
Et ole pelannut tätä visaa